[Event "COL-chT Liga Quintal"]
[Site "Barranquilla"]
[Date "2019.05.19"]
[Round "4.2"]
[White "Sanchez Cabarcas, Mateo Elias"]
[Black "Valera Padilla, Federico Jose"]
[Result "0-1"]
[WhiteElo "1632"]
[BlackElo "1650"]
[PlyCount "27"]
[EventDate "2019.03.17"]
[EventType "team-tourn"]
[EventRounds "7"]
[EventCountry "COL"]
[SourceTitle "EXT 2024"]
[Source "ChessBase"]
[SourceDate "2023.10.10"]
[SourceVersion "1"]
[SourceVersionDate "2023.10.10"]
[SourceQuality "1"]
[WhiteTeam "Rafael Mendoza MI"]
[BlackTeam "Quintal A"]
[WhiteTeamCountry "COL"]
[BlackTeamCountry "COL"]

1. d4 d5 2. Nf3 Nf6 3. Bf4 c5 4. e3 Nc6 5. Be2 e6 6. c3 Bd6 7. Bg3 Ne4 8. Nbd2 f5 9. Ne5 Bxe5 10. dxe5 0-0 11. f3 Nxd2 12. Qxd2 d4 13. Qc2 Qg5 14. f4 0-1

[Event "COL-chT Liga Quintal"]
[Site "Barranquilla"]
[Date "2019.03.17"]
[Round "1.2"]
[White "Ruiz Jaraba, Valentina Sofia"]
[Black "Sanchez Cabarcas, Mateo Elias"]
[Result "1-0"]
[WhiteElo "1501"]
[BlackElo "1632"]
[PlyCount "45"]
[EventDate "2019.03.17"]
[EventType "team-tourn"]
[EventRounds "7"]
[EventCountry "COL"]
[SourceTitle "EXT 2024"]
[Source "ChessBase"]
[SourceDate "2023.10.10"]
[SourceVersion "1"]
[SourceVersionDate "2023.10.10"]
[SourceQuality "1"]
[WhiteTeam "Quintal C"]
[BlackTeam "Rafael Mendoza MI"]
[WhiteTeamCountry "COL"]
[BlackTeamCountry "COL"]

1. e4 e5 2. Nf3 Nc6 3. Bb5 a6 4. Ba4 Nf6 5. d3 b5 6. Bb3 Be7 7. 0-0 d6 8. c3 0-0 9. Re1 h6 10. h3 Na5 11. Bc2 c5 12. Nbd2 Re8 13. Nf1 Bf8 14. Ng3 Nc6 15. a4 b4 16. d4 cxd4 17. cxd4 g6 18. d5 Ne7 19. a5 Bd7 20. Be3 Nc8 21. Qd2 g5 22. Qxb4 Rb8 23. Qxb8 1-0